00396nam a2200145Ia 4500001000900000003000500009005001700014008004100031010001100072040001800083100002000101245005000121260006900171300001000240dia_6717CHAP20251029170745.0220117s1971 xx 000 0 und d a178036 cCHAPamxchpua aCarvalho C., F. aFertilización del mango /c F. Carvalho C. aMéxico :b SAG. Departamento de Extensión Agrícola,c1971 a12 p.